Представление документа в формате RUSMARC

ПолеНазваниеЗначение
  Тип записи a
  Библиографический уровень m
001 Контрольный номер UONB/MAIN/b5f899de1bdf49cda369405012ac3b62
005 Дата корректировки 20250520124259.7
010 Индекс ISBN __
b Уточнения в пер.
d Цена 1 р. 11 к.
9 Тираж 950 экз.
100 Данные общей обработки __
a Данные общей обработки 20240110d1971 u y0rusy0189 ca
101 Язык документа 0_
a Язык текста rus
102 Страна публикации __
a Страна публикации RU
105 Кодированные данные (монография) __
a Кодированные данные (монография) a z 001yy
200 Заглавие и сведения об ответственности 1_
a Заглавие Прокатное производство
e Сведения, относящиеся к заглавию сб. статей
f Первые сведения об ответственности М-во черной металлургии СССР
g Последующие сведения об ответственности под ред. А.П. Чекмарева
203 Вид содержания и тип средства __
a Вид содержания Текст
b Характеристика содержания визуальный
c Тип средства непосредственный
210 Выходные данные 1_
a Место издания Москва
c Издательство Металлургия
d Дата издания 1971
215 Физическое описание __
a Объем 207 с.
c Иллюстрации/тип воспроизводства ил.
d Формат 22 см
225 Серия 1_
a Серия Научные труды Института черной металлургии
v Обозначение тома т. 35
320 Библиография __
a Библиография Библиогр. в конце ст.
606 Тематические рубрики 0_
a Основная рубрика Прокатка металлов
j Формальный подзаголовок Сборники
610 Ключевые слова 0_
a Ключевые слова прокатка металлов; прокатное производство
675 Индекс УДК __
a Индекс УДК 6П4.22
686 Индексы других классификаций __
a Классификационный индекс 34.621
2 Код системы rubbk
702 Вторичная интеллектуальная ответственность _1
a Фамилия Чекмарев
b Имя (инициалы) А.П.
g Полное личное имя Александр Петрович
4 Код отношения 340
712 Наименование организации (Вторичная ответственность) 02
a Организация/ юрисдикция Институт черной металлургии
4 Код отношения 570
801 Источник записи _0
a Страна RU
b Организация Ульяновская ОНБ
c Дата составления 20240110
g Правила каталогизации RCR
801 Источник записи _1
a Страна RU
b Организация Ульяновская ОНБ
c Дата составления 20240110
g Правила каталогизации RCR
901 Тип документа __
t Тип документа m
909 Создатель записи __
a Создатель записи Горбункова
b Дата создания записи 20240110